| 000 | 00831nam a2200229 a 4500 | ||
|---|---|---|---|
| 001 | 55717 | ||
| 003 | BD-RjUL | ||
| 005 | 20211209080314.0 | ||
| 008 | 161121s1961 ii ||||| |||| 00| 0 ben d | ||
| 035 | _a(BD-RjUL)55841 | ||
| 040 |
_aBD-RjUL _bben _cBD-RjUL |
||
| 041 | _aben | ||
| 082 |
_223 _a925 _bBAA 1961 |
||
| 100 |
_aবাগচি, মণি _9165942 |
||
| 245 | 1 | 0 |
_aআচার্য প্রফুল্লচন্দ্র / _cমণি বাগচি |
| 260 |
_aকলিকাতা : _bজিজ্ঞাসা, _c১৯৬১ |
||
| 300 |
_a[৬], ২০০ পৃ. : _bচিত্র ; _c২১ সেমি . |
||
| 600 |
_aপ্রফুল্লচন্দ্র, আচার্য _9192564 |
||
| 650 |
_aবিজ্ঞানী _9165943 |
||
| 650 |
_aScientists _9165944 |
||
| 942 |
_2ddc _cBK |
||
| 999 |
_c55717 _d55717 |
||